Construcción de un controlador para vehículos eléctricos utilizando componentes Open Source: parte A : diseño de la electrónica de potencia e instrumentación
Tallennettuna:
| Päätekijä: | |
|---|---|
| Muut tekijät: | |
| Aineistotyyppi: | Kirja |
| Kieli: | Spanish |
| Julkaistu: |
[San José, Costa Rica]
2012
|
| Aiheet: | |
| Tagit: |
Lisää tagi
Ei tageja, Lisää ensimmäinen tagi!
|
MARC
| LEADER | 00000nam a22000007a 4500 | ||
|---|---|---|---|
| 003 | 011713 | ||
| 005 | 20230831093250.0 | ||
| 008 | 151002b2012 cr a|||| |||| 00| ||spa d | ||
| 040 | |c cru CEDI | ||
| 090 | |a TFG 6883 | ||
| 100 | |9 1332 |a Soto Madrigal, Rolando José, 1986- | ||
| 245 | |a Construcción de un controlador para vehículos eléctricos utilizando componentes Open Source: parte A : diseño de la electrónica de potencia e instrumentación | ||
| 260 | |a [San José, Costa Rica] |c 2012 | ||
| 300 | |a xi, 123 páginas : ilustraciones (algunas a color) | ||
| 500 | |a Proyecto de graduación (bachillerato en ingeniería eléctrica)--Universidad de Costa Rica. Facultad de Ingeniería. Escuela de Ingeniería Eléctrica, | ||
| 501 | |a Profesor Guía de IE-0502 Proyecto Eléctrico: Ing. Gonzalo Mora Jiménez | ||
| 650 | |x REGULADORES ELECTRICOS |x VEHICULOS ELECTRICOS - DISEÑO Y CONSTRUCCION |x CONTROLADORES LOGICOS PROGRAMABLES |x CONTROLADORES PID |9 1285 | ||
| 700 | |9 731 |a Mora Jiménez, Gonzalo, 1977- |d Director de Proyecto Eléctrico | ||
| 942 | |c CEDI | ||
| 999 | |c 14062 |d 14062 | ||
